000 00318nam a2200097Ia 4500
008 220120s9999||||xx |||||||||||||| ||und||
100 _aArun, G. Ramesh, M.S and sachin
245 0 _aAutomated ambulence detection with gate control
260 _aCoorg Institute of Technology
_bPonnampet
_c2007
650 _aCOMPUTER SCIENCE
999 _c137876
_d137876